Death of a She Devil (Record no. 6634)

MARC details
005 - DATE AND TIME OF LATEST TRANSACTION
control field 20250709081603.0
020 ## - INTERNATIONAL STANDARD BOOK NUMBER
International Standard Book Number 9781784979614
082 ## - DEWEY DECIMAL CLASSIFICATION NUMBER
Classification number 823.92 WEL
100 ## - MAIN ENTRY--PERSONAL NAME
Author name WELDON, F.
245 ## - TITLE STATEMENT
Title Death of a She Devil
260 ## - PUBLICATION, DISTRIBUTION, ETC.
Place of publication, distribution, etc. United Kingdom
Name of publisher, distributor, etc. Head of Zeus Ltd.
Date of publication, distribution, etc. 2017.
300 ## - PHYSICAL DESCRIPTION
Extent 346p.
Dimensions 20cm
942 ## - ADDED ENTRY ELEMENTS (KOHA)
Source of classification or shelving scheme Dewey Decimal Classification
Koha item type Books
Holdings
Date last seen Total checkouts Full call number Barcode Cost, replacement price Price effective from Koha item type Lost status Source of classification or shelving scheme Damaged status Not for loan Withdrawn status Home library Current library Shelving location Date acquired Source of acquisition Cost, normal purchase price
07/09/2025   823.92 WEL MZA0002923 90000.00 07/09/2025 Books   Dewey Decimal Classification       CBE Mwanza CBE Mwanza General Collection 02/12/2025 TLSB Donation 30000.00